Beijing : a concise history (Record no. 113682)

MARC details
000 -LEADER
fixed length control field 00503nam a2200181Ia 4500
008 - FIXED-LENGTH DATA ELEMENTS--GENERAL INFORMATION
fixed length control field 191130s2008##################000#0#eng##
020 ## - INTERNATIONAL STANDARD BOOK NUMBER
ISBN 9780415399050
082 ## - DEWEY DECIMAL CLASSIFICATION NUMBER
Classification number 951.156 HAW
100 ## - MAIN ENTRY--AUTHOR NAME
Personal name Haw, Stephen G
245 ## - TITLE STATEMENT
Title Beijing : a concise history
Statement of responsibility, etc Stephen G Haw
260 ## - PUBLICATION, DISTRIBUTION, ETC. (IMPRINT)
Place of publication New York
Name of publisher Routledge
Year of publication 2008
300 ## - PHYSICAL DESCRIPTION
Number of Pages xi, 212 p. : ill. maps.
650 ## - SUBJECT ADDED ENTRY--TOPICAL TERM
Topical Term Beijing (China) -- History
991 ## -
-- 243254
Holdings
Withdrawn status Lost status Damaged status Not for loan Home library Current library Shelving location Date acquired Full call number Accession Number Price effective from Koha item type
        Anna Centenary Library Anna Centenary Library 7TH FLOOR, B WING 12.10.2020 951.156 HAW 150099 12.10.2020 English Books

Find us on the map